Ba nhà toán học : G. Bôia, N. Lôbasepxki, K. Gauxơ

Sách giới thiệu một cách sinh động ba cuộc đời với ba số phận khác nhau của ba nhà toán học vĩ đại nhưng đều dám đi vào những con đường chông gai trong toán học, dám từ bỏ con đường mòn lối cũ....

Full beskrivning

Sparad:
Bibliografiska uppgifter
Huvudupphovsman: Livanôva, Anna
Materialtyp: Bok
Språk:Undetermined
Publicerad: Hà Nội Văn hóa - Thông tin 2007
Ämnen:
Taggar: Lägg till en tagg
Inga taggar, Lägg till första taggen!
Thư viện lưu trữ: Trung tâm Học liệu Trường Đại học Cần Thơ
LEADER 00971nam a2200229Ia 4500
001 CTU_133426
008 210402s9999 xx 000 0 und d
020 |c 29000 
082 |a 509 
082 |b L784 
100 |a Livanôva, Anna 
245 0 |a Ba nhà toán học : 
245 0 |b G. Bôia, N. Lôbasepxki, K. Gauxơ 
245 0 |c Anna Livanôva; Tùng Linh, Trung Hiếu biên dịch 
260 |a Hà Nội 
260 |b Văn hóa - Thông tin 
260 |c 2007 
520 |a Sách giới thiệu một cách sinh động ba cuộc đời với ba số phận khác nhau của ba nhà toán học vĩ đại nhưng đều dám đi vào những con đường chông gai trong toán học, dám từ bỏ con đường mòn lối cũ. 
650 |a Mathematics,Toán học 
650 |x History,Lịch sử 
904 |i Trọng Hải 
980 |a Trung tâm Học liệu Trường Đại học Cần Thơ